| 000 | 00563nam a2200193 a 4500 | ||
|---|---|---|---|
| 005 | 20240912063858.0 | ||
| 008 | 170621s2008 ag r 000 0 spa d | ||
| 020 | _a9789505818433 | ||
| 035 | _aUPN01000219041 | ||
| 049 | _aI | ||
| 050 | 4 |
_aPQ7798.28 O4.3 _bM5.2 |
|
| 100 | 1 |
_aRoldán, Gustavo, _d1935-2012 _930946 |
|
| 245 | 1 | 0 |
_aMi animalito / _cGustavo Roldán ; il. Enzo Juan Oliva. |
| 260 |
_aBuenos Aires : _bColihue, _c2008. |
||
| 300 |
_a12 p. : _bil. |
||
| 440 | 4 | _aLos morochitos | |
| 650 | 4 |
_aCuentos infantiles argentinos _97466 |
|
| 905 | _aInfantil | ||
| 999 |
_c191141 _d191141 |
||